000 01597nam a2200313 a 4500
001 000029135
003 DO-SdBPM
005 20251010093054.0
007 ta
008 110413s2013 dr a 000 0 spa d
020 _a9789945015010
040 _aDO-SdBPM
_bspa
_cBPMSU
_erda
082 4 _a304.87293
_bF198m 2013
_222
245 1 0 _aFamilia migración y género :
_b estudios complementarios ENI - 2013 /
_cinvestigadora responsable Alicia Mirta Maguid
264 _aSanto Domingo :
_bFondo de Población de las Naciones Unidas (UNFPA),
_c 2013
300 _a86 páginas :
_bilustración ;
_c22 cm.
336 _atexto
_btxt
_2rdacontent
337 _asin mediación
_bn
_2rdamedia
338 _avolumen
_bnc
_2rdacarrier
505 0 _aPresentación 7 -- Introducción 11 -- Marco conceptual 15 --Datos y métodos 18 -- Perfil de los emigrantes 21 -- Composición y características actuales de los hogares 34 -- ¿Migración individual o asociativa ? 49 -- Familia divididas por la migración 53 -- Cómo se mantienen las relaciones familiares y los vínculos con el origen 59 -- ¿Volver o permanecer? 65 -- Resumen y conclusiones 72 -- Bibliografía 82 .
590 _aInventariado, 2025/VM
650 7 _aExtranjeros
_xCondiciones sociales
_zRepública Dominicana
650 7 _aMujeres inmigrantes
_vEstadísticas
651 7 _aRepública Dominicana
_xMigración e inmigración
_vEstadísticas
_z
700 1 _aMaguid, Alicia Mirta
_einvestigación
710 2 _a Fondo de Población de las Naciones Unidas
910 _aVMateo V. Control de calidad. BPMSU
942 _2ddc
_cBK
999 _c15425
_d15425